| 000 | 00593nam a22001697a 4500 | ||
|---|---|---|---|
| 999 |
_c140387 _d140387 |
||
| 005 | 20230523122835.0 | ||
| 010 | _aENG-118346 ENG-136985 | ||
| 020 |
_a9788177084252 _c735.00 |
||
| 035 | _aEN-101878 | ||
| 035 | _aEN-120517 | ||
| 037 | _bDBAD/PUB | ||
| 245 |
_aWomen enterpreneurship in india / _cEdited by Jaynal Ud-din Ahmed and Khundrakpam Devnanda Singh |
||
| 260 |
_aNew Delhi _bNew Century Publication _c2016 |
||
| 270 | _a4800/24, Bharat Ram Road, Ansari Road, Daryaganj, New Delhi-110002 | ||
| 300 |
_axv, 194p _c22cm.(Hb) |
||
| 942 |
_2ddc _cEN _h338.040820954 _mWOM |
||